000 01136nam a2200265Ia 4500
999 _c46807
_d46807
001 13658
003 GE_BSU
005 20210322173054.0
008 181216s1969||||ge |||||||||||||| ||rus||
040 _cGE_BSU
041 _arus
080 _a666.3/.7 Н-72
100 _aБудников,П.П. Булавин,И.А. Выдрик,Г.А. и др.
_910632
245 _aНовая керамика :
_bУчебник /
_cПод общей ред. П.П.Будников. Автор Будников,П.П. Булавин,И.А. Выдрик,Г.А. и др.
264 _aМ.
_bСтройиздат.
_c1969.
300 _a366 стр.
_bилл.
_c 23 см.
500 _aБиблиогр.:стр.306.
653 _aНовая керамика.
653 _aმინისა და კერამიკული მრეწველობა.
653 _aმინის ტექნოლოგია.
700 _aП.П. Будников
_eავტორი
_910633
700 _aИ.А. Булавин
_eავტორი
_910634
700 _aГ.А. Выдрик и др.
_eავტორი
_910635
942 _cBK
_2udc